000 01366nam a2200253Ia 4500
001 19480
003 GE_BSU
008 181216s||||||||xx |||||||||||||| ||und||
040 _cGE_BSU
080 _a811.353.'342
100 _aროგავა, გ.
245 _aქართველურ ენათა ისტორიული ფონეტიკის საკითხები 1
245 _bხმოვანთა ისტორიის ზოგი საკითხი ქართველურ ენებში.
245 _cრედ:ა.ჩიქობავა
250 _aსაქ. სსრ მეცნ. აკად., ენათმეცნიერების ინ-ტი
260 _aთბილისი
260 _bსაქართველოს სსრ მეცნიერებათა აკადემიის გამომცემლობა
260 _c1962
300 _a149გვ;21სმ.
300 _bდამატ. თავფურც. რუს. ენ.ბიბლიოგრ. შენიშვნებში.
653 _aქართველური ენების ისტორიული ფონეტიკა; ხმოვნები ქართველურ ენებში;
653 _aქართული ენა
942 _cBK
999 _c52457
_d52457